Kreativita je stále vzácna
Invencia je faktorom úspechu. Trh diktuje smer a rýchlosť zmien. Boom elektronických kníh trasie vydavateľstvami klasických tlačených kníh. Úlohou manažmentu je rozhodnúť o parametroch inovácií. Telekomunikácie, mediálne domy a farmaceutické firmy ako sektory, ktoré sa najviac spoliehajú na efekt in...
Salvato in:
| Autore principale: | |
|---|---|
| Natura: | Capitolo di libro |
| Lingua: | slovacco |
| Soggetti: | |
| Tags: |
Nessun Tag, puoi essere il primo ad aggiungerne!!
|
MARC
| LEADER | 00000naa a2200000 4500 | ||
|---|---|---|---|
| 001 | 0165950 | ||
| 005 | 20231113074740.7 | ||
| 041 | 0 | |a slo | |
| 044 | |a SK | ||
| 245 | 1 | 0 | |a Kreativita je stále vzácna |c Ján Uriga |
| 520 | |a Invencia je faktorom úspechu. Trh diktuje smer a rýchlosť zmien. Boom elektronických kníh trasie vydavateľstvami klasických tlačených kníh. Úlohou manažmentu je rozhodnúť o parametroch inovácií. Telekomunikácie, mediálne domy a farmaceutické firmy ako sektory, ktoré sa najviac spoliehajú na efekt inovácií. V rámci regiónov má najsilnejšie očakávanie rastu v závislosti od inovácií Čína, Nemecko a India. | ||
| 610 | 2 | 0 | |a inovácia |
| 610 | 2 | 0 | |a kreativita |
| 610 | 2 | 0 | |a trh |
| 610 | 2 | 0 | |a manažment |
| 610 | 2 | 0 | |a rast hospodársky |
| 610 | 2 | 0 | |a firmy |
| 610 | 2 | 0 | |a svet |
| 100 | 1 | |a Uriga, Ján | |